Handbook of Christian puppetry / (Record no. 26466)
[ view plain ]
| 000 -LEADER | |
|---|---|
| fixed length control field | 00590nam a2200157 4500 |
| 008 - FIXED-LENGTH DATA ELEMENTS--GENERAL INFORMATION | |
| fixed length control field | 060417s1984 coua b 000 0 eng |
| 020 ## - INTERNATIONAL STANDARD BOOK NUMBER | |
| International Standard Book Number | 089636125X :gift |
| 090 ## - LOCALLY ASSIGNED LC-TYPE CALL NUMBER (OCLC); LOCAL CALL NUMBER (OCLC) | |
| Classification number (OCLC) (R) ; Classification number, CALL (RLIN) (NR) | BV1535.9.P8 |
| Local cutter number (OCLC) ; Book number/undivided call number, CALL (RLIN) | H23 |
| 100 1# - MAIN ENTRY--PERSONAL NAME | |
| Personal name | Harp, Grace. |
| 245 10 - TITLE STATEMENT | |
| Title | Handbook of Christian puppetry / |
| Statement of responsibility, etc | Grace Harp ; illustrated by Jan Barnes. |
| 260 ## - PUBLICATION, DISTRIBUTION, ETC. (IMPRINT) | |
| Place of publication, distribution, etc | Denver, Colo. : |
| Name of publisher, distributor, etc | Accent Books, |
| Date of publication, distribution, etc | c1984. |
| 300 ## - PHYSICAL DESCRIPTION | |
| Extent | 128 p. : |
| Other physical details | ill. ; |
| Dimensions | 26 cm. |
| 504 ## - BIBLIOGRAPHY, ETC. NOTE | |
| Bibliography, etc | Bibliography: p. 127. |
| 650 #4 - SUBJECT ADDED ENTRY--TOPICAL TERM | |
| Topical term or geographic name as entry element | Puppet theater in Christian education |
| General subdivision | Handbooks, manuals, etc. |
| 951 ## - EQUIVALENCE OR CROSS-REFERENCE-GEOGRAPHIC NAME/AREA NAME [OBSOLETE] [CAN/MARC only] | |
| General subdivision | 00032752 |
| 951 ## - EQUIVALENCE OR CROSS-REFERENCE-GEOGRAPHIC NAME/AREA NAME [OBSOLETE] [CAN/MARC only] | |
| -- | 29354 |
| -- | BV1535.9.P8/H23 |
| -- | 070613111550718 |
| -- | 2000-12-21 |
| -- | REF |
| Withdrawn status | Lost status | Damaged status | Not for loan | Home library | Current library | Shelving location | Date acquired | Accession number | Shelving control number | Total Checkouts | Full call number | Barcode | Date last seen | Price effective from | Koha item type |
|---|---|---|---|---|---|---|---|---|---|---|---|---|---|---|---|
| BSOP Library | BSOP Library | Reference | 12/21/2000 | 29354 | 127 | BV1535.9.P8/H23 | 00032752 | 02/23/2013 | 02/23/2013 | Books |
